Top 5 All-Time Goal Scorers by Nation (Active Players) - Statistics

General Stats
  • This quiz has been taken 33 times
  • The average score is 10 of 35
Answer Stats
Goals Answer % Correct
75 Robert Lewandowski
100%
14 David Alaba
75%
33 Marko Arnautovic
75%
45 Andriy Yarmolenko
71%
17 Patrik Schick
71%
16 Arkadiusz Milik
61%
30 Artem Dzyuba
54%
25 Adam Szalai
50%
12 John McGinn
46%
10 Krzysztof Piatek
39%
8 Oleksandr Zinchenko
39%
21 Jakub Blaszczykowski
36%
13 Roman Yaremchuk
36%
12 Marcel Sabitzer
32%
21 Yevgen Konoplyanka
32%
16 Kamil Grosicki
29%
12 Denis Cheryshev
25%
16 Fedor Smolov
25%
41 Milan Baros
25%
6 Lyndon Dykes
14%
15 Martin Harnik
11%
12 Tomas Necid
11%
12 Aleksandr Kokorin
7%
5 James Forrest
7%
7 Robert Snodgrass
7%
21 Balazs Dzsudzsak
4%
9 Michael Krmencik
4%
8 Antonin Barak
0%
8 Krisztian Kenesel
0%
8 Louis Schaub
0%
9 Nemanja Nikolics
0%
21 Roman Pavlyuchenko
0%
10 Steven Fletcher
0%
17 Tamas Priskin
0%
11 Yevgen Seleznyov
0%
No matching quizzes found
Score Distribution
Percent of People with Each Score
Percentile by Number Answered
Your Score History
You have not taken this quiz